000 00745nam a2200241Ia 4500
003 OSt
005 20220923224409.0
006 a|||||r|||| 00| 0
007 ta
008 Pun
024 _a231,943
037 _cTextual
040 _aARTS
_cARTS
_bPun
041 _2Pun
_aPun
082 _aO153:g(Y:1), N1
100 _aਕੰਵਰ, ਤਰਲੋਕ ਸਿੰਘ
_9156315
245 0 _aਸਭਿਆਚਾਰ ਵਿਗਿਆਨ
260 _aਅੰਮ੍ਰਿਤਸਰ
_b ਵਾਰਿਸਗ਼ਾਹ ਫਾਉਜ਼ਡੇFਨ
_c1991
300 _a98ਪੰ
_ccm.
650 _aਪੰਜਾਬੀ ਸਾਹਿਤ
942 _hO153:g(Y:1), N1
_cTEXL
_2CC
999 _c371151
_d371151